000 00938nam a2200265 a 4500
001 BRCA_6415
005 20190320205438.0
008 150911s1905----sp-a######---#000-0#spa-#
041 _aspa
044 _asp
050 4 _aNA1311
_b.A52 1905
100 1 _aAmador de los Ríos y Villalta, Rodrigo
_d1843-1917
_916036
245 1 0 _aMonumentos arquitectónicos de España
_bToledo
_cpor Rodrigo Amador de los Ríos y Villalta.
260 _aMadrid
_bE. Martín y Gamoneda
_c1905
300 _aviii, 456 p.
_bil.
_c43 cm.
500 _aIncluye índice de grabados intercalados en el texto y plantilla para la colocación de las láminas
500 _aDD67
546 _aTexto en: español y francés
650 1 4 _aArquitectura
_zToledo, España
_911633
650 1 4 _aArquitectura religiosa
_zEspaña
_97863
650 1 4 _aArquitectura mudéjar
_916037
651 4 _aToledo, España
_xDescripción
_916038
902 _aGFM
942 _2lcc
_cB
999 _c6100
_d6100